00362nam a22001097a 4500082001200000100001700012245010300029260003700132300001900169650003700188700002700225 a620.005 aRaza, Hassan aIndustrial Energy Management-Case Study of a Cement Plants (Bestway Cement Limited) /cHassan Raza aIslamabad :bCEME - NUST,c2014. a57 p. ;c30cm. aEngineering Management-MS-Thesis aDr. Akhtar Nawaz Malik